[Event "Mallorca-chT Preferente"]
[Site "Mallorca"]
[Date "2021.04.10"]
[Round "5"]
[White "Mascaro Pastor, Miguel"]
[Black "Roca Barcelo, Nicolau"]
[Result "0-1"]
[WhiteElo "1704"]
[BlackElo "1837"]
[PlyCount "56"]
[EventDate "2021.03.06"]
[EventType "team-swiss"]
[EventRounds "7"]
[EventCountry "ESP"]
[SourceTitle "EXT 2023"]
[Source "ChessBase"]
[SourceDate "2022.10.05"]
[SourceVersion "1"]
[SourceVersionDate "2022.10.05"]
[SourceQuality "1"]
[WhiteTeam "Maria Salut"]
[BlackTeam "Llucmajor"]
[WhiteTeamCountry "ESP"]
[BlackTeamCountry "ESP"]

1. d4 d5 2. g3 Nf6 3. Nf3 g6 4. Bg2 Bg7 5. 0-0 0-0 6. c4 c6 7. Nc3 Qb6 8. cxd5 cxd5 9. Ne5 Nc6 10. Kh1 Be6 11. f4 Rfd8 12. Na4 Qc7 13. Nc5 Bf5 14. e3 b6 15. Ncd3 Be4 16. Bd2 Nxe5 17. Nxe5 Rac8 18. Rc1 Qb7 19. Qb3 e6 20. a4 Qa6 21. Nc6 Rd7 22. Rc3 Bxg2+ 23. Kxg2 Ne4 24. Ne7+ Rxe7 25. Rxc8+ Qxc8 26. Bb4 Rc7 27. g4 Rc2+ 28. Kh3 Qc4 0-1

[Event "Mallorca-chT Preferente"]
[Site "Palma de Mallorca"]
[Date "2020.02.15"]
[Round "3.5"]
[White "Mascaro Pastor, Miguel"]
[Black "Alenyar Truyols, Bartolome"]
[Result "0-1"]
[WhiteElo "1745"]
[BlackElo "1802"]
[PlyCount "70"]
[EventDate "2020.02.01"]
[EventType "team-tourn"]
[EventRounds "9"]
[EventCountry "ESP"]
[SourceTitle "CBM 195 Extra"]
[Source "ChessBase"]
[SourceDate "2020.05.31"]
[SourceVersion "1"]
[SourceVersionDate "2020.05.31"]
[SourceQuality "1"]
[WhiteTeam "Maria Salut"]
[BlackTeam "Alcudia"]
[WhiteTeamCountry "ESP"]
[BlackTeamCountry "ESP"]

1. d4 g6 2. g3 c5 3. d5 Bg7 4. Nc3 Na6 5. Bg2 d6 6. Nf3 Rb8 7. a4 Bf5 8. Nd2 Nf6 9. e4 Bg4 10. f3 Bd7 11. 0-0 0-0 12. Nc4 Nc7 13. Bf4 b5 14. Nxd6 exd6 15. Bxd6 bxa4 16. Bxc5 Re8 17. Bxa7 Rxb2 18. Nxa4 Bxa4 19. Rxa4 Nb5 20. Bd4 Nxd4 21. Rxd4 Nh5 22. Rd3 Qb6+ 23. Kh1 Rc8 24. Rb3 Rxb3 25. cxb3 Bd4 26. f4 Rc3 27. e5 Rxb3 28. d6 Kf8 29. Qc2 Rc3 30. Qe4 Rxg3 31. Rb1 Rb3 32. Rd1 Re3 33. Qa8+ Kg7 34. d7 g5 35. d8Q Ng3+ 0-1

[Event "Mallorca-ch Primera"]
[Site "Palma"]
[Date "2017.12.09"]
[Round "3.9"]
[White "Trillo Figueroa Vidal, Antonio"]
[Black "Mascaro Pastor, Miguel"]
[Result "1/2-1/2"]
[WhiteElo "1746"]
[BlackElo "1780"]
[PlyCount "29"]
[EventDate "2017.12.02"]
[EventType "swiss"]
[EventRounds "6"]
[EventCountry "ESP"]
[SourceTitle "EXT 2024"]
[Source "ChessBase"]
[SourceDate "2023.10.10"]
[SourceVersion "1"]
[SourceVersionDate "2023.10.10"]
[SourceQuality "1"]

1. e4 e6 2. d4 d5 3. Nc3 Nf6 4. Bg5 Be7 5. e5 Nfd7 6. Bxe7 Qxe7 7. f4 c5 8. Nf3 Nc6 9. Be2 0-0 10. 0-0 f6 11. a3 cxd4 12. exf6 Rxf6 13. Nxd4 Nxd4 14. Qxd4 Qc5 15. Qxc5 1/2-1/2

[Event "Mallorca-ch Primera"]
[Site "Palma"]
[Date "2017.12.03"]
[Round "2.8"]
[White "Mascaro Pastor, Miguel"]
[Black "Florit Mulet, Miguel"]
[Result "1/2-1/2"]
[WhiteElo "1780"]
[BlackElo "1734"]
[PlyCount "89"]
[EventDate "2017.12.02"]
[EventType "swiss"]
[EventRounds "6"]
[EventCountry "ESP"]
[SourceTitle "EXT 2024"]
[Source "ChessBase"]
[SourceDate "2023.10.10"]
[SourceVersion "1"]
[SourceVersionDate "2023.10.10"]
[SourceQuality "1"]

1. d4 Nf6 2. Nf3 e6 3. g3 d5 4. Bg2 Nbd7 5. 0-0 Bd6 6. c4 c6 7. Bg5 h6 8. Bd2 0-0 9. b4 dxc4 10. Qc2 a5 11. bxa5 Bc7 12. Qxc4 Bxa5 13. Nc3 e5 14. Rac1 e4 15. Ne5 Nb6 16. Qc5 Bxc3 17. Qxc3 Rxa2 18. f4 Be6 19. h3 Nbd5 20. Qc5 g6 21. f5 gxf5 22. Bxh6 Re8 23. g4 fxg4 24. Bg5 Rxe2 25. hxg4 Kg7 26. Qa3 Qb6 27. Bxf6+ Nxf6 28. Rxf6 Kxf6 29. Bxe4 Qb3 30. Rf1+ Kg7 31. Qxb3 Bxb3 32. Bd3 R2xe5 33. dxe5 Rxe5 34. Rb1 Be6 35. Rxb7 Bxg4 36. Rc7 Rc5 37. Be4 Rc1+ 38. Kf2 c5 39. Bd5 Bh5 40. Ke3 Kf6 41. Kf4 Rc3 42. Rc6+ Kg7 43. Rc7 Bg6 44. Ke5 Rc1 45. Kd6 1/2-1/2

[Event "Mallorca-ch Primera"]
[Site "Palma"]
[Date "2017.12.02"]
[Round "1.1"]
[White "Torres Tur, Juan"]
[Black "Mascaro Pastor, Miguel"]
[Result "1-0"]
[WhiteElo "1985"]
[BlackElo "1780"]
[PlyCount "65"]
[EventDate "2017.12.02"]
[EventType "swiss"]
[EventRounds "6"]
[EventCountry "ESP"]
[SourceTitle "EXT 2024"]
[Source "ChessBase"]
[SourceDate "2023.10.10"]
[SourceVersion "1"]
[SourceVersionDate "2023.10.10"]
[SourceQuality "1"]

1. d4 Nf6 2. Nf3 g6 3. Bg5 Bg7 4. e3 d6 5. c4 0-0 6. Nc3 Nbd7 7. Be2 c5 8. 0-0 Ne8 9. Rc1 b6 10. d5 h6 11. Bf4 f5 12. h4 Ndf6 13. g3 Nh5 14. Nd2 Nxf4 15. exf4 a6 16. a4 Nc7 17. Re1 Rb8 18. Bf1 e5 19. dxe6 Nxe6 20. Nf3 Nd4 21. Nxd4 Bxd4 22. Qe2 Bd7 23. Nd5 Re8 24. Qc2 b5 25. axb5 axb5 26. cxb5 Rxe1 27. Rxe1 Qa5 28. b4 Qa3 29. Kh2 Re8 30. Rxe8+ Bxe8 31. b6 Bc6 32. Ne7+ Kg7 33. Nxc6 1-0

[Event "Santa Margalida Mallorca-ch"]
[Site "Santa Margalida"]
[Date "2016.11.18"]
[Round "3"]
[White "Mascaro Pastor, Miguel"]
[Black "Torres Tur, Juan"]
[Result "1/2-1/2"]
[WhiteElo "1848"]
[BlackElo "2002"]
[PlyCount "71"]
[EventDate "2016.11.11"]
[EventType "swiss"]
[EventRounds "8"]
[EventCountry "ESP"]
[SourceTitle "EXT 2018"]
[Source "ChessBase"]
[SourceDate "2017.10.13"]
[SourceVersion "1"]
[SourceVersionDate "2017.10.13"]
[SourceQuality "1"]

1. d4 f5 2. g3 Nf6 3. Bg2 g6 4. c4 Bg7 5. Nc3 d6 6. Nh3 0-0 7. 0-0 Nc6 8. e3 e5 9. d5 Ne7 10. f3 c6 11. e4 cxd5 12. cxd5 Bd7 13. Be3 fxe4 14. fxe4 Ng4 15. Qe2 Nxe3 16. Qxe3 Qb6 17. Qxb6 axb6 18. Ng5 Bh6 19. Ne6 Be3+ 20. Kh1 Rxf1+ 21. Rxf1 Bd4 22. Nc7 Ra5 23. Ne6 Ra8 24. Bh3 b5 25. a3 h6 26. Rf3 g5 27. Rf6 b4 28. axb4 h5 29. Nxg5 Ra1+ 30. Bf1 Kg7 31. Rf7+ Kg6 32. h4 Bh3 33. Rxe7 Rxf1+ 34. Kh2 Bg4 35. Nb5 Rf2+ 36. Kh1 1/2-1/2

[Event "Santa Margalida Mallorca-ch"]
[Site "Santa Margalida"]
[Date "2016.11.12"]
[Round "2"]
[White "Ferrer Mygina, Juan"]
[Black "Mascaro Pastor, Miguel"]
[Result "0-1"]
[WhiteElo "1608"]
[BlackElo "1848"]
[PlyCount "60"]
[EventDate "2016.11.11"]
[EventType "swiss"]
[EventRounds "8"]
[EventCountry "ESP"]
[SourceTitle "EXT 2018"]
[Source "ChessBase"]
[SourceDate "2017.10.13"]
[SourceVersion "1"]
[SourceVersionDate "2017.10.13"]
[SourceQuality "1"]

1. e4 e6 2. d4 d5 3. Nd2 b6 4. e5 c5 5. Bb5+ Nd7 6. c3 Ne7 7. Ndf3 a6 8. Qa4 Bb7 9. Bxd7+ Qxd7 10. Qxd7+ Kxd7 11. Ne2 Nc6 12. 0-0 f6 13. Bf4 g5 14. Bg3 Be7 15. exf6 Bxf6 16. Ne5+ Nxe5 17. Bxe5 Bxe5 18. dxe5 h5 19. f4 g4 20. f5 a5 21. f6 h4 22. Nf4 Rhg8 23. a3 Raf8 24. b4 Rg5 25. Rfe1 Rf5 26. g3 hxg3 27. hxg3 Rh8 28. Ra2 d4 29. cxd4 Rh1+ 30. Kf2 Rh2+ 0-1

[Event "Mallorca-chT Preferente"]
[Site "Mallorca"]
[Date "2016.03.05"]
[Round "2.4"]
[White "Fiol Company, Juan"]
[Black "Mascaro Pastor, Miguel"]
[Result "1/2-1/2"]
[WhiteElo "1984"]
[BlackElo "1846"]
[PlyCount "76"]
[EventDate "2016.03.01"]
[EventType "team-tourn"]
[EventRounds "9"]
[EventCountry "ESP"]
[SourceTitle "EXT 2024"]
[Source "ChessBase"]
[SourceDate "2023.10.10"]
[SourceVersion "1"]
[SourceVersionDate "2023.10.10"]
[SourceQuality "1"]
[WhiteTeam "Sa Creu Petra"]
[BlackTeam "Maria Salut"]
[WhiteTeamCountry "ESP"]
[BlackTeamCountry "ESP"]

1. e4 c5 2. Nf3 Nc6 3. d4 cxd4 4. c3 dxc3 5. Nxc3 e6 6. Bc4 a6 7. 0-0 Nf6 8. Qe2 d6 9. Rd1 Qc7 10. Bg5 Be7 11. Rac1 0-0 12. a3 b5 13. Nxb5 axb5 14. Bxb5 Bb7 15. Bxc6 Rfc8 16. Bxb7 Qxb7 17. e5 dxe5 18. Nxe5 h6 19. Bxf6 Bxf6 20. Nc4 Qb3 21. Qf3 Rab8 22. Qxb3 Rxb3 23. Rc2 Rc5 24. Kf1 Rd5 25. Ke2 Kf8 26. Rxd5 exd5 27. Ne3 d4 28. Rc8+ Ke7 29. Nd1 d3+ 30. Kd2 Bg5+ 31. Ke1 Bf6 32. Kd2 Bg5+ 33. Ke1 Bf6 34. Rc4 Bxb2 35. Nxb2 Rxb2 36. Re4+ Kf6 37. Rd4 Re2+ 38. Kf1 Rd2 1/2-1/2